| 000 | 00450nam a2200181Ia 4500 | ||
|---|---|---|---|
| 003 | 0100 | ||
| 008 | 130303s9999 xx 000 0 und d | ||
| 040 | _cARRUPELIB | ||
| 050 | _aBT732.5.L35 | ||
| 100 | _aLeach, George | ||
| 245 | _aHope for healing | ||
| 245 | _ban invitation to hope and healing through personal and social relationships | ||
| 260 | _aToronto CN | ||
| 260 | _bDaniel Books | ||
| 260 | _C1978 | ||
| 300 | _a147p | ||
| 942 | 0 | 0 | _01 |
| 999 |
_c27441 _d27441 |
||